| 000 | 01178nam a2200265Ia 4500 | ||
|---|---|---|---|
| 003 | OSt | ||
| 005 | 20220923211358.0 | ||
| 006 | a|||||r|||| 00| 0 | ||
| 007 | ta | ||
| 008 | 220922b |||||||| |||| 00| 0 hin d | ||
| 020 |
_a9788188466962 (hbk) _c450 |
||
| 024 | _a281,065 | ||
| 037 |
_b20310, 22/02/2014, Prashant Book Distributors _cTextual |
||
| 040 |
_aARTS _cARTS _bhin |
||
| 041 |
_2hin _ahin |
||
| 082 | _aO152,3:g, Q2 | ||
| 100 |
_aनिचले, मीरा रामराव; यादव, राजेन्द्र, संपा. _9160334 |
||
| 245 | 0 | _aहिंदी कहानियों में 'हंस' पत्रिका का योगदान | |
| 246 | _aHiandī kahāniyoan mean 'hansa' patrikā kā yogadāna | ||
| 260 |
_aदिल्ली _b अमरसत्य प्रकाशन _c2012 |
||
| 300 |
_a232पृ. _ccm. |
||
| 650 |
_aहिन्दी साहित्य _9156264 |
||
| 942 |
_hO152,3:g, Q2 _cTEXL _2CC |
||
| 999 |
_c298918 _d298918 |
||